<?xml version="1.0" encoding="UTF-8"?><?xml-stylesheet type="text/xsl" href="static/style.xsl"?><OAI-PMH xmlns="http://www.openarchives.org/OAI/2.0/" xmlns:xsi="http://www.w3.org/2001/XMLSchema-instance" xsi:schemaLocation="http://www.openarchives.org/OAI/2.0/ http://www.openarchives.org/OAI/2.0/OAI-PMH.xsd"><responseDate>2026-04-27T21:49:52Z</responseDate><request verb="GetRecord" identifier="oai:uvadoc.uva.es:10324/65725" metadataPrefix="marc">https://uvadoc.uva.es/oai/request</request><GetRecord><record><header><identifier>oai:uvadoc.uva.es:10324/65725</identifier><datestamp>2026-04-09T08:41:05Z</datestamp><setSpec>com_10324_1133</setSpec><setSpec>com_10324_931</setSpec><setSpec>com_10324_894</setSpec><setSpec>col_10324_1209</setSpec></header><metadata><record xmlns="http://www.loc.gov/MARC21/slim" xmlns:doc="http://www.lyncode.com/xoai" xmlns:xsi="http://www.w3.org/2001/XMLSchema-instance" xmlns:dcterms="http://purl.org/dc/terms/" xsi:schemaLocation="http://www.loc.gov/MARC21/slim http://www.loc.gov/standards/marcxml/schema/MARC21slim.xsd">
<leader>00925njm 22002777a 4500</leader>
<datafield tag="042" ind1=" " ind2=" ">
<subfield code="a">dc</subfield>
</datafield>
<datafield tag="720" ind1=" " ind2=" ">
<subfield code="a">Usategui Martín, Ricardo</subfield>
<subfield code="e">author</subfield>
</datafield>
<datafield tag="720" ind1=" " ind2=" ">
<subfield code="a">Pérez Castrillon, José Luis</subfield>
<subfield code="e">author</subfield>
</datafield>
<datafield tag="260" ind1=" " ind2=" ">
<subfield code="c">2023</subfield>
</datafield>
<datafield tag="520" ind1=" " ind2=" ">
<subfield code="a">Bone is a highly specialized and dynamic tissue with several crucial functions, including support, movement support, protection of vital organs, and mineral storage. Continuous remodeling allows the bone to function healthily and maintains bone strength [1]. [Texto extraído del artículo de RicardoUsategui Martín].</subfield>
</datafield>
<datafield tag="024" ind2=" " ind1="8">
<subfield code="a">International Journal of Molecular Sciences, 2023, Vol. 24, Nº. 11, 9534</subfield>
</datafield>
<datafield tag="024" ind2=" " ind1="8">
<subfield code="a">1422-0067</subfield>
</datafield>
<datafield tag="024" ind2=" " ind1="8">
<subfield code="a">https://uvadoc.uva.es/handle/10324/65725</subfield>
</datafield>
<datafield tag="024" ind2=" " ind1="8">
<subfield code="a">10.3390/ijms24119534</subfield>
</datafield>
<datafield tag="024" ind2=" " ind1="8">
<subfield code="a">9534</subfield>
</datafield>
<datafield tag="024" ind2=" " ind1="8">
<subfield code="a">11</subfield>
</datafield>
<datafield tag="024" ind2=" " ind1="8">
<subfield code="a">International Journal of Molecular Sciences</subfield>
</datafield>
<datafield tag="024" ind2=" " ind1="8">
<subfield code="a">24</subfield>
</datafield>
<datafield tag="024" ind2=" " ind1="8">
<subfield code="a">1422-0067</subfield>
</datafield>
<datafield ind1=" " ind2=" " tag="653">
<subfield code="a">Molecular biology</subfield>
</datafield>
<datafield ind1=" " ind2=" " tag="653">
<subfield code="a">Diseases - Animal models</subfield>
</datafield>
<datafield ind1=" " ind2=" " tag="653">
<subfield code="a">Animal Models</subfield>
</datafield>
<datafield ind1=" " ind2=" " tag="653">
<subfield code="a">Modelos animales</subfield>
</datafield>
<datafield ind1=" " ind2=" " tag="653">
<subfield code="a">Animal experimentation</subfield>
</datafield>
<datafield ind1=" " ind2=" " tag="653">
<subfield code="a">Experimentación animal</subfield>
</datafield>
<datafield ind1=" " ind2=" " tag="653">
<subfield code="a">Bones - Metabolism - Disorders</subfield>
</datafield>
<datafield ind1=" " ind2=" " tag="653">
<subfield code="a">Huesos - Metabolismo, trastornos del</subfield>
</datafield>
<datafield tag="245" ind1="0" ind2="0">
<subfield code="a">Animal experimental models in bone metabolic disease</subfield>
</datafield>
</record></metadata></record></GetRecord></OAI-PMH>